| 000 | 00843cab a2200277 4500 | ||
|---|---|---|---|
| 001 | ABS60183 | ||
| 008 | 090401t1999 xxu||||| |||| 00| 0 eng d | ||
| 035 | _a(Sirsi) u91585 | ||
| 041 | _aeng | ||
| 100 | _aWallis, J. | ||
| 245 | _aCapture interest with the Web | ||
| 260 | _c1999 | ||
| 350 | _a0 | ||
| 490 |
_aEstates Gazette _v(9907) 20 February 1999, 123-124(2) |
||
| 520 | _aLooks at the implications for agents of new marketing techniques, such as the Internet, Power Point and CDRoms. Case study of Green Business Park. | ||
| 650 | _aAGENCY | ||
| 650 | _aPROPERTY-COMMERCIAL PROPERTY | ||
| 650 | _aINTERNET | ||
| 650 | _aMARKETING | ||
| 650 | _aPOWER POINT | ||
| 650 | _aPROPERTY MARKET | ||
| 650 | _aWEBSITES | ||
| 690 | _aMANAGEMENT-BUSINESS MANAGEMENT-INFORMATION MANAGEMENT | ||
| 942 | _n0 | ||
| 948 | _c25/02/1999 | ||
| 999 |
_c58152 _d58152 |
||